00739nam a22001817b 450000500170000000800410001702000230005804000140008104100060009508200120010110000170011324500380013026000310016830000410019950002530024065000320049370000320052520240724124058.0240724b sa ||||| |||| 00| 1 eng d a9780099461418qpbk aRDAc3228 2E aEJF CAT aCattell, Bob aWorld cup fever / bycBob Cattell aLondon :bRed fox ;c1996. a158 pages :billustrations ,c20 cm. aWorld Cup Fever provides an in-depth look at the history, impact, and cultural significance of the FIFA World Cup. Bob Cattell offers insights into the most memorable moments, legendary players, and the evolution of the tournament over the decades. aAdventurer storiesxsports  aKearney, Davideillustrator